{"text_format":"3","workbook":"xlsx","n_sheets":1,"sheets":["(4)E.1分部分项工程量清单计价表"],"read":"whole","date_system":"1900"}

{"sheet":"(4)E.1分部分项工程量清单计价表","index":0,"n_rows":43,"n_cols":7,"rows_kept":43,"merged":[[1,0,1,6],[5,0,6,0],[5,1,8,1],[5,2,8,2],[5,4,8,4],[5,5,5,6],[6,5,8,5],[6,6,8,6],[7,0,8,0]]}
[]
["招标工程量清单计价表"]
[]
[]
["工程名称：筑园景加砌块厂入口改造及地磅基础工程劳务项目",{"$nulls":3},"               "]
["序","项目名称","项目特征描述","计","工程量","金额（元）"]
[{"$nulls":3},"量",null,"最高限价单价","合价"]
["号",null,null,"单"]
[{"$nulls":3},"位"]
["1","人工拆除人行道砖",null,"m2",193.04,3.74,{"$f":"E10*F10","v":{"v":721.9696,"d":"721.97"}}]
["2","拆除围墙",null,"m",50,3.12,{"v":156,"d":"156.00"}]
["3","人工拆除侧石 石质",null,"m",50,2.81,{"v":140.5,"d":"140.50"}]
["4","路灯拆除",null,"套",1,156,{"v":156,"d":"156.00"}]
["5","换填砂砾石","1、回填、碾压2、砂砾石主材甲供","m3",309.981,19.5,{"v":6044.6295,"d":"6044.63"}]
["6","路床（槽）碾压检验",null,"m2",534.45,0.78,{"v":416.871,"d":"416.87"}]
["7","余方弃置",null,"m3",309.981,9.36,{"v":2901.42216,"d":"2901.42"}]
["8","水泥混凝土","1、路面浇筑2、砼主材甲供","m2",534.45,15.29,{"v":8171.7405,"d":"8171.74"}]
["9","模板",null,"m2",534.45,3,1603.35]
["10","传力杆制作、安装","1、钢筋制作安装2、含钢筋主材","t",0.34,4290,{"v":1458.6,"d":"1458.60"}]
["11","路面刻痕",null,"m2",534.45,2.23,{"v":1191.8235,"d":"1191.82"}]
["12","养生",null,"m2",534.45,3.59,{"v":1918.6755,"d":"1918.68"}]
["13","安砌石质侧石","1、侧石主材甲供","m",21,13.05,274.05]
["14","混凝土基础","1、砼主材甲供","m3",27.72,25,{"v":693,"d":"693.00"}]
["15","基础模板",null,"m2",22.4,35,{"v":784,"d":"784.00"}]
["16","实心砖墙","1、砖材料甲供","m3",9.792,211.8,{"v":2073.9456,"d":"2073.95"}]
["17","墙面一般抹灰",null,"m2",40.8,17.67,{"v":720.936,"d":"720.94"}]
["18","实心砖墙",null,"m3",5.304,386,{"v":2047.344,"d":"2047.34"}]
["19","混凝土基础","1、砼主材甲供","m3",1.008,25,{"v":25.2,"d":"25.20"}]
["20","基础模板",null,"m2",7.2,35,{"v":252,"d":"252.00"}]
["21","混凝土构件拆除",null,"m3",4.8,190,{"v":912,"d":"912.00"}]
["22","建筑垃圾外运",null,"m3",52.8,16,{"v":844.8,"d":"844.80"}]
["23","混凝土基础","1、砼主材甲供","m3",4.8,25,{"v":120,"d":"120.00"}]
["24","基础模板",null,"m2",9.28,35,{"v":324.8,"d":"324.80"}]
["25","混凝土检查井","1、砼主材甲供","座",1,273,{"v":273,"d":"273.00"}]
["26","混凝土基础","1、砼主材甲供","m3",1.4,25,{"v":35,"d":"35.00"}]
["27","基础模板",null,"m2",20.8,35,{"v":728,"d":"728.00"}]
["28","混凝土基础","1、砼主材甲供","m3",0.3,25,{"v":7.5,"d":"7.50"}]
["29","基础模板",null,"m2",1.5,35,{"v":52.5,"d":"52.50"}]
[null,"分部分项合价",{"$nulls":4},{"$f":"SUM(G10:G38)","v":{"v":35049.65736,"d":"35049.66"}}]
[null,"措施费",null,"元",null,null,1268.95]
[null,"安全文明施工费",null,"元",null,null,{"$f":"2107.37-1200","v":907.37}]
[null,"税金（3%）",null,"元",null,null,1118.06]
[null,"合计",{"$nulls":4},{"$f":"G39+G40+G41+G42","v":{"v":38344.03736,"d":"38344.04"}}]